<?xml version="1.0" encoding="UTF-8"?>
<collection xmlns="http://www.loc.gov/MARC21/slim">
 <record>
  <leader>00737pamaa2200193   4500</leader>
  <controlfield tag="001">0000019921</controlfield>
  <controlfield tag="005">20131030090000.0</controlfield>
  <datafield tag="020" ind1="0" ind2="0">
   <subfield code="a">0812929136 </subfield>
  </datafield>
  <datafield tag="082" ind1=" " ind2=" ">
   <subfield code="a">324.273012 CLI</subfield>
  </datafield>
  <datafield tag="090" ind1="0" ind2="0">
   <subfield code="a">E885 </subfield>
   <subfield code="b">CLI 1996</subfield>
  </datafield>
  <datafield tag="100" ind1="1" ind2="0">
   <subfield code="a">CLINTON </subfield>
  </datafield>
  <datafield tag="245" ind1="1" ind2="0">
   <subfield code="a">Between hope and history : </subfield>
   <subfield code="b">meeting America's challenges for the 21st century  </subfield>
   <subfield code="c">President Bill Clinton.</subfield>
  </datafield>
  <datafield tag="260" ind1="0" ind2="0">
   <subfield code="a">New York: </subfield>
   <subfield code="b">Times Books, Random House, </subfield>
   <subfield code="c">c1996.</subfield>
  </datafield>
  <datafield tag="300" ind1=" " ind2=" ">
   <subfield code="a">xiii, 178p.; </subfield>
   <subfield code="c">21cm.</subfield>
  </datafield>
  <datafield tag="651" ind1="0" ind2="0">
   <subfield code="a">United States -- </subfield>
   <subfield code="x">Politics and government -- </subfield>
   <subfield code="y">1993- </subfield>
  </datafield>
  <datafield tag="651" ind1="0" ind2="0">
   <subfield code="a">United States -- </subfield>
   <subfield code="x">Economic policy -- </subfield>
   <subfield code="y">1993- </subfield>
  </datafield>
  <datafield tag="651" ind1="0" ind2="0">
   <subfield code="a">United States -- </subfield>
   <subfield code="x">Social policy -- </subfield>
   <subfield code="y">1993- </subfield>
  </datafield>
  <datafield tag="651" ind1="0" ind2="0">
   <subfield code="a">United States -- </subfield>
   <subfield code="x">Foreign relations -- </subfield>
   <subfield code="y">1993- </subfield>
  </datafield>
  <datafield tag="710" ind1="1" ind2="1">
   <subfield code="a">United States. President (1993- : Clinton) </subfield>
  </datafield>
 </record>
</collection>
